Van Gogh (Record no. 44802)

MARC details
000 -Etiqueta do registo
Valores 00484nam a2200181 4500
100 ## - Dados gerais de processamento
Dados gerais 20250922 pory50
101 ## - Língua de publicação
Língua por
102 ## - País de publicação
País PT
200 ## - Titulo e menção de responsabilidade
Título próprio Van Gogh
Informação de outro título entre o Trigo e o Céu
Primeira menção de responsabilidade realiz. Giovanni Piscaglia
Outras menções de responsabilidade hist. e arg. Matteo Moneta
210 ## - Publicação
Local de publicação Itália
Nome do editor Festa do Cinema Italiano .com
Data de publicação 2019
215 ## - Descrição física 
Paginação / Volumes 1 DVD
225 ## - Colecção 
Título próprio da colecção Festa do Cinema Italiano
300 ## - Notas gerais 
Texto da nota M/12<br/>85 m.
675 ## - CDU
Notação 7
801 ## - Fonte de origem
País PT
Regras de catalogação RPC
990 ## - Elementos KOHA
Tipo de documento Filme DVD
Holdings
Aquisição Empréstimo Código de barras Cota Permissão de empréstimo Tipo de documento Nota relativa ao exemplar
Biblioteca Escolar Doutor Hernâni Cidade Biblioteca Escolar Doutor Hernâni Cidade 80949 DOC ART PIS   Filme DVD 486 documentário sobre o artista Van Gogh

Powered by Koha